LIBRARY & INFORMATION CENTRE, KCAET, TAVANUR

ONLINE PUBLIC ACCESS CATALOGUE (OPAC)

Invertebrata / (Record no. 9967)

MARC details
000 -LEADER
fixed length control field 00433cam a2200181ua 4500
041 ## - LANGUAGE CODE
Language code of text/sound track or separate title eng
082 ## - DEWEY DECIMAL CLASSIFICATION NUMBER
Classification number 592
Item number BOR/IN
100 ## - MAIN ENTRY--AUTHOR NAME
Personal name Borradaile, L A .
245 ## - TITLE STATEMENT
Title Invertebrata /
250 ## - EDITION STATEMENT
Edition statement 4 /
260 ## - PUBLICATION, DISTRIBUTION, ETC. (IMPRINT)
Place of publication Mumbai :
Name of publisher Asia Publishing House ,
Year of publication 1964.
300 ## - PHYSICAL DESCRIPTION
Number of Pages 820 ; .
700 1# - ADDED ENTRY--PERSONAL NAME
Personal name Potts, F A .
942 ## - ADDED ENTRY ELEMENTS (KOHA)
Koha item type Books
Holdings
Withdrawn status Lost status Damaged status Home library Current library Date acquired Full call number Accession Number Koha item type
Withdrawn     KAUAET KAUAET 07/04/2012 592 BOR/IN 8166 Books
      KAUAET KAUAET 07/04/2012 592 5495 Books
free website counter